| 000 | 01298cam a22003375a 4500 | ||
|---|---|---|---|
| 999 |
_c21930 _d21902 |
||
| 001 | 16706897 | ||
| 003 | EG-ScBUE | ||
| 005 | 20210116144424.0 | ||
| 008 | 110325t2012 nyua f 000 1 eng d | ||
| 020 | _a9780061992278 | ||
| 040 |
_aDLC _beng _erda _cDLC _dDLC _dEG-ScBUE |
||
| 082 | 0 | 4 |
_a813.54 _bAPP _222 |
| 100 | 1 |
_aApplegate, Katherine, _eauthor. _940271 |
|
| 245 | 1 | 4 |
_aThe one and only Ivan / _cKatherine Applegate ; illustrations by Patricia Castelao. |
| 250 | _aFirst edition. | ||
| 264 | 1 |
_aNew York, NY : _bHarper Collins Publishers, _c[2012] |
|
| 264 | 4 | _cc2012 | |
| 300 |
_a319 pages : _billustrations ; _c20 cm |
||
| 336 |
_2rdacontent _atext _btxt |
||
| 337 |
_2rdamedia _aunmediated _bn |
||
| 338 |
_2rdacarrier _avolume _bnc |
||
| 500 | _aIncludes glossary. | ||
| 520 | _aWhen Ivan, a gorilla who has lived for years in a down-and-out circus-themed mall, meets Ruby, a baby elephant that has been added to the mall, he decides that he must find her a better life. | ||
| 650 | 7 |
_aGorilla _vFiction. _2BUEsh _940272 |
|
| 650 | 7 |
_aElephants _vFiction. _2BUEsh _940273 |
|
| 650 | 7 |
_aAnimals _xTreatment _vFiction. _2BUEsh _940274 |
|
| 653 |
_cJune2016 _dBestSellers _bHHUUEENN |
||
| 655 |
_vReading book _934232 |
||
| 700 | 1 |
_aCastelao, Patricia, _eillustrator. _940275 |
|
| 942 |
_2ddc _cBB |
||